Miast kontrolowane przez Aliantów - Nagła Śmierć - Statystyki

Ogólne statystyki
  • Ten quiz został rozwiązany 43 razy
  • Średni wynik to 5 z 16
Answers on the Grid
Answers color-coded by a green-red scale on the quiz's grid according to % correct below.
Praga
Haga
Katmandu
Teheran
La Paz
Ankara
Stambuł
Helsinki
Oslo
Tokio
Nagasaki
Warszawa
Hawana
Rio de Janeiro
Berlin
Wiedeń
Brno
Zurich
Berno
Kijów
Kair
Ułan Bator
Lizbona
Bogota
Nowe Delhi
Santiago
Londyn
Paryż
Sao Paulo
Buenos Aires
Rzym
Sztokholm
 
Statystyki odpowiedzi
Odpowiedź % Poprawnych
Oslo
78%
Kair
56%
Londyn
44%
Haga
33%
Nowe Delhi
33%
Paryż
33%
Praga
33%
Rzym
33%
Warszawa
33%
Berlin
22%
Kijów
22%
Teheran
22%
Brno
11%
Nagasaki
11%
Tokio
11%
Wiedeń
11%
Nie znaleziono quizów pasujących do podanych kryteriów
Rozkład punktacji
Procent ludzi z każdym wynikiem
Percentyl według liczby udzielonych odpowiedzi
Twoja historia wyników
Nie rozwiązałeś tego quizu